000
00194 a2200097 4500
001
78033
082
_a
923.154 NEH
100
_a
Akhtar Hussain
245
_a
Jawahir-e-Nehru
260
_c
1994
942
_a
CAE NUST
_k
923.154 NEH
999
_c
313106
_d
313106